Nowo powstałe państwa europejskie w ostatnich 100 latach - Statystyki

Ogólne statystyki
  • Ten quiz został rozwiązany 53 razy
  • Średni wynik to 19 z 20
Statystyki odpowiedzi
Rok Wydarzenie Powstałe państwo % Poprawnych
2006 Upadek Federacji Serbii iCzarnogóry Serbia
100%
1991 Upadek zsrr Ukraina
100%
2006 Upadek Federacji Serbii i
Czarnogóry
Czarnogóra
98%
1993 Rozpad Czechosłowacji Czechy
98%
2008 Odłączenie od Serbii Kosowo
98%
1990 Upadek zsrr Litwa
98%
1990 Upadek zsrr Łotwa
98%
1990 Zjednoczenie Niemiec Niemcy
98%
1993 Rozpad Czechosłowacji Słowacja
98%
1991 Upadek zsrr Białoruś
96%
1990 Upadek zsrr Estonia
96%
1949 Podział Niemiec Niemiecka Republika Demokratyczna
96%
1949 Podział Niemiec Republika Federalna Niemiec
96%
1991 Upadek Jugosławii Chorwacja
94%
1992 Upadek Jugosławii Bośnia i Hercegowina
92%
1991 Upadek Jugosławii Słowenia
92%
1991 Upadek Jugosławii Macedonia Północna
90%
1991 Upadek zsrr Mołdawia
90%
1991 Upadek zsrr Rosja
87%
1933 Upadek Republiki Weimarskiej,przekształcenie jej w ... III Rzesza
62%
Nie znaleziono quizów pasujących do podanych kryteriów
Rozkład punktacji
Procent ludzi z każdym wynikiem
Percentyl według liczby udzielonych odpowiedzi
Twoja historia wyników
Nie rozwiązałeś tego quizu